Primzahlen 1-100 - Sudden Death - Statistiken

Allgemein
  • Dieses Quiz wurde 66.200 mal gespielt
  • Das Durchschnittsergebnis liegt bei 11 aus 25
Answers on the Grid
Answers color-coded by a green-red scale on the quiz's grid according to % correct below.
1
2
3
4
5
6
7
8
9
10
11
12
13
14
15
16
17
18
19
20
21
22
23
24
25
26
27
28
29
30
31
32
33
34
35
36
37
38
39
40
41
42
43
44
45
46
47
48
49
50
51
52
53
54
55
56
57
58
59
60
61
62
63
64
65
66
67
68
69
70
71
72
73
74
75
76
77
78
79
80
81
82
83
84
85
86
87
88
89
90
91
92
93
94
95
96
97
98
99
100
 
Antwortstatistiken
Antwort % Korrekt
3
88%
7
87%
5
83%
2
82%
11
77%
13
77%
17
75%
23
68%
19
67%
31
54%
29
53%
37
52%
41
39%
43
38%
47
37%
53
21%
59
14%
61
14%
67
13%
73
13%
71
12%
79
10%
83
10%
97
9%
89
7%
Keine übereinstimmenden Quizze gefunden
Verteilung der Resultate
Anzahl Personen mit jedem Resultat
Perzentil nach korrekt beantworteten Fragen
Ihre Resultats-Entwicklung
Sie haben dieses Quiz noch nicht gespielt